EDAMBA - význam a prínos Ekonomickej univerzity počas dešsaťročného členstva v Európskej asociácii vzdelávania doktorandov
Význam a nové úlohy v doktorandskom vzdelávaní - EDAMBA. Vznik doktorandského programu EDAMBA (European Doctoral Programmes Association in Management and Business Administration)
Saved in:
| Main Author: | |
|---|---|
| Format: | Book Chapter |
| Language: | Slovak |
| Subjects: | |
| Tags: |
No Tags, Be the first to tag this record!
|
MARC
| LEADER | 00000naa$a2200000$$$4500 | ||
|---|---|---|---|
| 001 | 0068746 | ||
| 005 | 20231005085916.8 | ||
| 041 | 0 | |a slo | |
| 044 | |a SK | ||
| 245 | 1 | 0 | |a EDAMBA - význam a prínos Ekonomickej univerzity počas dešsaťročného členstva v Európskej asociácii vzdelávania doktorandov |c Helena Strážovská |
| 520 | |a Význam a nové úlohy v doktorandskom vzdelávaní - EDAMBA. Vznik doktorandského programu EDAMBA (European Doctoral Programmes Association in Management and Business Administration) | ||
| 610 | 2 | 0 | |a vzdelávanie vysokoškolské |
| 610 | 2 | 0 | |a kvalifikácia |
| 610 | 2 | 0 | |a práce kvalifikačné |
| 610 | 2 | 0 | |a programy študijné |
| 610 | 2 | 0 | |a školy vysoké |
| 610 | 2 | 0 | |a veda ekonomická |
| 100 | 1 | |a Strážovská, Helena | |